000 00874nam a2200289Ia 4500
001 Para_3318
003 CHAP
008 220125s1933 xx 000 0 und d
010 _a201748
040 _cCHAP
082 _aPA-C 595.77 D5
100 _aHall, D. G.
_952305
245 _aNew method in sand fly studies (Díptera :
_b Chironomidae) /
_c by D. G. Hall, J. B. Hull and W. E. Dove
300 _a4 p.
440 _aDiptera; 7
_9164827
500 _aSobretiro de: Entomological News 44 (2): 29-32, 1933. Encuadernado con otros impresos similares
650 _aDípteros Chiromyidae
_9166667
700 _aDove. W. E.
_934096
700 _aHull, J. B.
_956847
901 _aPA-C 595.77 D5
902 _aA
905 _a0000001933 0000000000 00
910 _a1933
942 _cPARA
942 _cPARA
_d1
999 _c201748
_d201748